=LDR 00000nam 2200000 4500 =001 NUTBA000000000003953 =005 20140829111742.0 =006 =007 =008 =020 ##$$a979-017-163-3 =035 ##$$0010-081400000000798 =082 ##$$a297.122 2 =100 ##$$amuhammad faiq helmy =245 ##$$a CARA MUDAH MENGHAFAL ASMAU'UL HUSNA =260 ##$$a JAKARTA $b QULTUM MEDIA $c 2011 =990 ##$$a 0001/BPAP-NTB/20142014 =990 ##$$a 0001/BPAP-NTB/20142014 =990 ##$$a 0001/BPAP-NTB/20142015 =990 ##$$a 0028/BPAP-NTB/2016